Tilastot visalle Maat, jotka ovat lähinnä Cook-saaria

Klikkaa tästä pelataksesi tätä visaa!

Yleistilastot

  • Tätä visaa on pelattu 12 kertaa
  • Keskiarvotulos 14 / 20

Vastaustilastot

kmmaa% Oikein
4568Australia
100%
1574Fidži
88%
6894Palau
88%
2650Salomonsaaret
88%
696Samoa
88%
3105Yhdysvallat
88%
1183Kiribati
75%
3077Marshallinsaaret
75%
3219Nauru
75%
1016Tonga
75%
1604Tuvalu
75%
2958Uusi-Seelanti
75%
2734Vanuatu
75%
5815Indonesia
63%
4218Papua-Uusi-Guinea
63%
4903Chile
50%
3887Mikronesia
50%
6964Japani
38%
6298Meksiko
13%
704Niue
13%

Tulosjakauma

Persentiili vastausten määrän mukaan

Jokaisen tuloksen saaneiden osuus

Tuloshistoriasi

Et ole pelannut tätä visaa